000 00391nam a2200157Ia 4500
100 _aNino/Jaime/ Hosch/Frederick A
650 _aJava
942 _cBK
366 _f25
654 _aobject oriented
245 _aIntroduction to programming and object oriented design using Java
260 _bWiley India
_c2002
082 _a5.133
_bNIN
300 _a733
546 _aENGLISH
_cComputers
999 _c18849
_d18849